000
00263nam a2200109Ia 4500
008
190914s9999||||xx |||||||||||||| ||und||
100
_a
M. S. Murad
245
0
_a
Postgraduate One-Best Type M.C.Q.
260
_a
Canada
_b
Pearson
_c
2006
300
_a
990
942
_c
BK
999
_c
9822
_d
9822